000 00367pam a2200157a 44500
008 230515b2006 xxu||||| |||| 00| 0 eng d
020 _aNULL
041 _aENG
082 _a618.2
100 _aH U Doshi
245 _aClinical cases in obstetrics and Gynecology
250 _a0
260 _aNULL
_b"Arnold , London, 0"
_c2006
300 _a324
650 _aN.D.
999 _c524899
_d524899